UBT Library

BIOLOGICAL SCIENCE (Record no. 59269)

000 -LEADER
fixed length control field 00325nam a22001457a 4500
008 - FIXED-LENGTH DATA ELEMENTS--GENERAL INFORMATION
fixed length control field 230124b ||||| |||| 00| 0 eng d
020 ## - INTERNATIONAL STANDARD BOOK NUMBER
International Standard Book Number 9780321841803
041 ## - LANGUAGE CODE
Language code of text/sound track or separate title eng
080 ## - UNIVERSAL DECIMAL CLASSIFICATION NUMBER
Edition identifier FIFTH EDITION
Universal Decimal Classification number 573
082 ## - DEWEY DECIMAL CLASSIFICATION NUMBER
Classification number 573FRE
100 ## - Rafti
Rafti 16
101 ## - Shkurtesa
Shkurtesa BIOLO
245 ## - TITLE STATEMENT
Title BIOLOGICAL SCIENCE
Statement of responsibility, etc FREEMAN
942 ## - ADDED ENTRY ELEMENTS (KOHA)
Source of classification or shelving scheme
Item type Books
Holdings
Withdrawn status Lost status Source of classification or shelving scheme Damaged status Not for loan Collection code Permanent location Current location Date acquired Total Checkouts Full call number Barcode Date last seen Price effective from Koha item type
          Koleksioni i përgjithshem UBT - Lipjan UBT - Lipjan 01/24/2023   573FRE 003-50 01/24/2023 01/24/2023 Books
UBT Library © 2015-2024. All rights reserved University Education for Business and Technology